A guide to reference materials on India / (Record no. 137035)

MARC details
000 -LEADER
fixed length control field 00708nam a22002297a 4500
010 ## - LIBRARY OF CONGRESS CONTROL NUMBER
LC control number 731459
035 ## - SYSTEM CONTROL NUMBER
System control number 731459
037 ## - SOURCE OF ACQUISITION
Source of stock number/acquisition Cen Lib / Ret
040 ## - CATALOGING SOURCE
Original cataloging agency DPL
Language of cataloging En
082 ## - DEWEY DECIMAL CLASSIFICATION NUMBER
Classification number 016.954
Item number GID
100 ## - MAIN ENTRY--PERSONAL NAME
Personal name Gidwani, N.N.
245 ## - TITLE STATEMENT
Title A guide to reference materials on India /
Statement of responsibility, etc edited by N N Gidwani [and] K Navalani
260 ## - PUBLICATION, DISTRIBUTION, ETC. (IMPRINT)
Place of publication, distribution, etc Jaipur
Name of publisher, distributor, etc Saraswati Publicaitons
Date of publication, distribution, etc 1974
270 ## - ADDRESS
Address 757, Ashok Chowk
City Jaipur
300 ## - PHYSICAL DESCRIPTION
Extent (v 1. 680p)
Dimensions 27cm(Hb)
650 ## - SUBJECT ADDED ENTRY--TOPICAL TERM
Topical term or geographic name as entry element India -- Bibliography.
650 ## - SUBJECT ADDED ENTRY--TOPICAL TERM
Topical term or geographic name as entry element India -- Reference books -- Bibliography.
650 ## - SUBJECT ADDED ENTRY--TOPICAL TERM
Topical term or geographic name as entry element India -- Library resources.
700 ## - ADDED ENTRY--PERSONAL NAME
Personal name Gidwani, N. N.
700 ## - ADDED ENTRY--PERSONAL NAME
Personal name Navalani, K.
942 ## - ADDED ENTRY ELEMENTS (KOHA)
Source of classification or shelving scheme Dewey Decimal Classification
Koha item type English Books
Classification part 016.954
Call number suffix GID
Holdings
Withdrawn status Lost status Source of classification or shelving scheme Materials specified (bound volume or other part) Damaged status Not for loan Home library Current library Date acquired Source of acquisition Total Checkouts Full call number Barcode Date last seen Copy number Price effective from Koha item type
    Dewey Decimal Classification v 1     Central Library Central Library 15/03/2016 Cen Lib/Ret   016.954 GID 731459 15/03/2016 1 15/03/2016 English Books

© Delhi Public Library
Hit Counter
free hit counter